Readings in english transformational grammar

Salvato in:
Dettagli Bibliografici
Autore principale: Jacobs, Roderick et al
Natura: Libro
Lingua:Undetermined
Pubblicazione: Washington, Estados Unidos Georgetown University 1970
Soggetti:
Tags: Aggiungi Tag
Nessun Tag, puoi essere il primo ad aggiungerne!!

MARC

LEADER 00000nam a2200000Ia 4500
008 170316s9999 xx 000 0 und d
090 |a 415-I J-1r 
100 |a Jacobs, Roderick et al. 
245 |a Readings in english transformational grammar 
260 |a Washington, Estados Unidos 
260 |b Georgetown University 
260 |c 1970 
300 |a 277 páginas 
650 |a GRAMÁTICA INGLESA 
999 |c 19413  |d 19413 
040 |a cru BVZT 
942 |c 15 D  |h 415-I J-1r  |2 z